Statistics for Biggest "F" City by State

Click here to take the quiz!

General Stats

  • This quiz has been taken 99 times
  • The average score is 13 of 50

Answer Stats

State City % Correct
CaliforniaFresno
93%
TexasFort Worth
83%
IndianaFort Wayne
72%
North DakotaFargo
66%
ArizonaFlagstaff
66%
TennesseeFranklin
55%
New HampshireFranklin
55%
New JerseyFranklin
55%
PennsylvaniaFranklin
55%
AlaskaFairbanks
52%
MichiganFlint
52%
North CarolinaFayetteville
52%
GeorgiaFayetteville
52%
ColoradoFort Collins
45%
FloridaFort Lauderdale
41%
ArkansasFort Smith
38%
NebraskaFremont
34%
UtahFarmington
31%
New MexicoFarmington
31%
VermontFairfax
28%
ConnecticutFairfield
28%
OhioFairfield
28%
MarylandFrederick
28%
VirginiaFredericksburg
21%
WashingtonFederal Way
21%
MassachusettsFall River
21%
IllinoisFreeport
21%
South CarolinaFlorence
14%
AlabamaFlorence
14%
KentuckyFlorence
14%
MissouriFlorissant
10%
New YorkFulton
7%
DelawareFelton
3%
MaineFalmouth
3%
IowaFort Dodge
3%
West VirginiaFairmont
3%
WyomingFort Laramie
3%
MontanaForsyth
3%
WisconsinFond du Lac
3%
MississippiForest
3%
IdahoFruitland
0%
HawaiiFern Acres
0%
South DakotaFort Pierre
0%
OklahomaFort Gibson
0%
NevadaFernley
0%
OregonForest Grove
0%
MinnesotaFridley
0%
LouisianaFort Polk South
0%
Rhode IslandFoster
0%
KansasFort Scott
0%

Score Distribution

Percentile by Number Answered

Percent of People with Each Score

Your Score History

You have not taken this quiz